| 000 | 00399nam a2200169Ia 4500 | ||
|---|---|---|---|
| 008 | 230711s9999||||xx |||||||||||||| ||und|| | ||
| 041 | _aENG | ||
| 082 |
_a530 _bHA-F |
||
| 100 | _aHalliday,David | ||
| 245 | 0 | _aFundamentals of Physics | |
| 250 | _a6th . Ed. | ||
| 260 |
_c2007 _aNew Delhi _bWiley Eastern Limited |
||
| 300 | _a1144 | ||
| 650 | _aPhysics | ||
| 700 | _aResnick,Robert | ||
| 942 | _cBK | ||
| 999 |
_c4793 _d4793 |
||